[Event "Montigny le Bretonneux op 21st"]
[Site "Montigny le Bretonneux"]
[Date "2021.12.29"]
[Round "5"]
[White "Breteau Ribeiro, Charles"]
[Black "Ribiere, Damien"]
[Result "0-1"]
[WhiteElo "1199"]
[BlackElo "2030"]
[PlyCount "124"]
[EventDate "2021.12.26"]
[EventType "swiss"]
[EventRounds "9"]
[EventCountry "FRA"]
[SourceTitle "EXT 2023"]
[Source "ChessBase"]
[SourceDate "2022.10.05"]
[SourceVersion "1"]
[SourceVersionDate "2022.10.05"]
[SourceQuality "1"]

1. e4 d6 2. d4 Nf6 3. Nc3 g6 4. Be3 c6 5. Qd2 b5 6. Bd3 Nbd7 7. Nf3 Nb6 8. d5 b4 9. Ne2 cxd5 10. Qxb4 Bg7 11. Bxb6 Qxb6 12. Qxb6 axb6 13. exd5 Nxd5 14. Be4 Ra5 15. 0-0-0 Nf6 16. Bc6+ Kd8 17. a4 Kc7 18. b4 Rh5 19. Bb5 Ne4 20. Rdf1 Bg4 21. Ng3 Bxf3 22. gxf3 Nxg3 23. fxg3 Bc3 24. Bc4 e6 25. b5 d5 26. Bd3 Ra8 27. f4 Rxa4 28. Kd1 d4 29. Ke2 Rc5 30. g4 Ra8 31. g5 f5 32. Kf3 e5 33. fxe5 Rxe5 34. h4 Rae8 35. h5 Be1 36. hxg6 hxg6 37. Rh7+ R8e7 38. Rfh1 Bd2 39. Rxe7+ Rxe7 40. Rg1 Re3+ 41. Kg2 Re7 42. Kf3 Kd6 43. Rg2 Be1 44. Re2 Rxe2 45. Kxe2 Bh4 46. Bc4 Ke7 47. Kd3 Bxg5 48. Kxd4 Bh4 49. Kd5 Kf6 50. Bd3 Bf2 51. c4 g5 52. Bf1 Bc5 53. Bh3 g4 54. Bf1 Kg5 55. Ke5 f4 56. Ke4 f3 57. Bd3 Kh4 58. Kf4 Bd6+ 59. Ke3 Kg3 60. Bf1 Bc5+ 61. Ke4 Kf2 62. Bd3 g3 0-1